000 00373nam a2200145Ia 4500
008 230917s9999||||xx |||||||||||||| ||und||
040 _e18681
_aMAIN
041 _aEnglish
082 _a519.5 P74N
100 _aPuri, Madan Lal
245 0 _aNonparametric methods in multivariate analysis
260 _aNew York
_bJohn Wiley
_c1971
300 _axi, 440 p.
942 _cBK
999 _c199588
_d199588